Chad : Financial Sector Stability Assessment.

The financial stability of Chad is analyzed in this study. Chad's financial system is one of the least developed in the CEMAC region. Chad's financial system is highly dependent on oil and agriculture, since it is a low-income country. In structuring the financial sector, the soundness and...

Full description

Bibliographic Details
Corporate Author: International Monetary Fund
Format: Journal
Language:English
Published: Washington, D.C. : International Monetary Fund, 2011.
Series:IMF Staff Country Reports; Country Report ; No. 2011/299
Online Access:Full text available on IMF
LEADER 01623cas a2200241 a 4500
001 AALejournalIMF011323
008 230101c9999 xx r poo 0 0eng d
020 |c 5.00 USD 
020 |z 9781463921958 
022 |a 1934-7685 
040 |a BD-DhAAL  |c BD-DhAAL 
110 2 |a International Monetary Fund. 
245 1 0 |a Chad :   |b Financial Sector Stability Assessment. 
264 1 |a Washington, D.C. :  |b International Monetary Fund,  |c 2011. 
300 |a 1 online resource (29 pages) 
490 1 |a IMF Staff Country Reports 
500 |a <strong>Off-Campus Access:</strong> No User ID or Password Required 
500 |a <strong>On-Campus Access:</strong> No User ID or Password Required 
506 |a Electronic access restricted to authorized BRAC University faculty, staff and students 
520 3 |a The financial stability of Chad is analyzed in this study. Chad's financial system is one of the least developed in the CEMAC region. Chad's financial system is highly dependent on oil and agriculture, since it is a low-income country. In structuring the financial sector, the soundness and performance, short-term vulnerabilities, and supervision and crisis management of the Chadian banking system have been discussed with an emphasis on insurance and pension plans. In this study, the important role of legal and judicial environment in accessing the financial system is also explained. 
538 |a Mode of access: Internet 
830 0 |a IMF Staff Country Reports; Country Report ;  |v No. 2011/299 
856 4 0 |z Full text available on IMF  |u http://elibrary.imf.org/view/journals/002/2011/299/002.2011.issue-299-en.xml  |z IMF e-Library